Quick Pick: TV Series of 2018 Quiz Stats

 Plays Quiz Updated May 5, 2019

Score 0/15 Timer 01:30
0 Plays Today
% Correct
Introduction
93.4%
Haunting
88.7%
Little
88.7%
Nailed
88.4%
Alright
85.8%
Celebrity
85.3%
Splitting
84.2%
Everything
80.4%
% Correct
God
80.2%
Eve
79.2%
Black
78.9%
Kominsky
76.8%
Happy
73.2%
Chilling
71.7%
Ryan
68.6%

Today's Daily Dose

Missing Word
1940s A-Z

Quick Pick
'S' Athletes

Get the Picture
Depp or Bonham Carter

You're not logged in!

Compare scores with friends on all Sporcle quizzes.
OR
Log In

Sporcle TV

Today on Sporcle TV


Watch our educational content, quiz creation guides, and fun videos on Sporcle TV.

Show Comments

Extras

Top Quizzes Today


Score Distribution

Your Account Isn't Verified!

In order to create a playlist on Sporcle, you need to verify the email address you used during registration. Go to your Sporcle Settings to finish the process.

Report this User

Report this user for behavior that violates our Community Guidelines.

Details: